| 000 | 01072nam a22002777a 4500 | ||
|---|---|---|---|
| 999 |
_c63520 _d63520 |
||
| 005 | 20240530110645.0 | ||
| 008 | 171023s2015 ua g 000 0 ara d | ||
| 017 |
_a2014/21818 _bمصر. دار الكتب |
||
| 020 | _a9789773506131 | ||
| 040 |
_aEG-CaGPL _cEG-CaGPL |
||
| 082 | 0 | 4 |
_221 _a121\ _bب إ |
| 100 | 1 | _aبلانشى ، روبير . | |
| 245 | 1 | 2 |
_aالاستدلال التجريبى : _bالمنهج التجريبى و فلسفة الفيزياء / _cنصوص اختارها و قدمها روبير بلانشى ؛ نقلها الى العربية محمود اليعقوبى . |
| 250 | _aط.1 | ||
| 260 |
_aالقاهرة : _bدار الكتاب الحديث ، _c2015 . |
||
| 300 |
_a444 ص. ؛ _c24 سم. |
||
| 600 | 0 | _aبيكن | |
| 600 | 0 | _aاوجست كونت | |
| 600 | 0 | _aنيوتن | |
| 650 | 0 | 7 |
_2qrmak _aالفيزياء |
| 650 | 0 | 7 |
_2qrmak _aالاستدلال الاستقرائى |
| 651 | _2qrmak | ||
| 700 | 0 |
_aمحمود اليعقوبى _eمترجم . |
|
| 942 |
_2ddc _cBK |
||